[Event "PMPJ 2022 - C15"]
[Site "Jastrzebia Gora"]
[Date "2022.11.12"]
[Round "7.22"]
[White "Paluszek, Jan"]
[Black "Jendrowiak, Maciej"]
[Result "1-0"]
[BlackElo "1664"]
[WhiteElo "1348"]
[LiveChessVersion "1.4.4"]

1. e4 c5 2. Nc3 g6 3. d4 Bg7 4. dxc5 Qa5 5. Bd2 Qxc5 6. Nd5 Na6 7. Nf3 e6 8. Bc3
Bxc3+ 9. Nxc3 Ne7 10. Qd2 Nc7 11. O-O-O b5 12. e5 Qb4 13. Qh6 Nf5 14. Qg5 Bb7 15.
Qf6 Rf8 16. Ng5 h6 17. Nh7 Rg8 18. Rg1 Nd5 19. Nxd5 Bxd5 20. Rxd5 exd5 21. Bd3
Ne7 22. Qd6 Qxd6 23. exd6 Nf5 24. Nf6+ Kf8 25. Nxg8 Kxg8 26. Bxf5 gxf5 27. Re1
Kg7 28. Re5 Kf6 29. Rxd5 a6 30. Kd2 Rc8 31. Kd3 Ke6 32. Rd4 Rc6 33. f4 h5 34. g3
f6 35. c4 bxc4+ 36. Rxc4 Rxd6+ 37. Kc3 Rd1 38. Rd4 Rc1+ 39. Kb3 Rc6 40. Rd2 d5
41. Rc2 Rb6+ 42. Kc3 Rc6+ 43. Kd3 Rb6 44. b3 Kd6 45. Rc8 h4 46. gxh4 Rb4 47. Ke3
Re4+ 48. Kf3 d4 49. h5 Re3+ 50. Kf2 Rh3 51. b4 Rxh2+ 52. Kg3 Rxh5 53. Rd8+ Kc6
54. Rxd4 Kb5 55. Rd6 Kxb4 56. Rxa6 Rh6 57. Rd6 Rg6+ 58. Kf3 Rh6 59. Rd5 Rh3+ 60.
Ke2 Rh2+ 61. Kd3 Rxa2 62. Rxf5 Ra6 63. Kd4 Rd6+ 64. Rd5 Rc6 65. Ke4 Kc4 66. Rd8
Kc5 67. Kf5 Ra6 68. Kg6 Kc6 69. f5 Kc7 70. Rf8 Kd7 71. Rxf6 Ra1 72. Re6 Rg1+ 73.
Kf7 Rh1 74. Re7+ Kd8 75. f6 Rh7+ 76. Kf8 Rh8+ 77. Kg7 Rh1 78. Re4 Rg1+ 79. Kf7
Rd1 80. Rf4 Rd7+ 81. Ke6 1-0

[Event "PMPJ 2022 - C15"]
[Site "Jastrzebia Gora"]
[Date "2022.11.12"]
[Round "7.24"]
[White "Mazurek, Filip"]
[Black "Przedlacki, Wiktor"]
[Result "1-0"]
[BlackElo "1474"]
[WhiteElo "1269"]
[LiveChessVersion "1.4.4"]

1. e4 {[%clk 1:30:59]} c5 {[%clk 1:30:53]} 2. Nf3 {[%clk 1:31:22]} d6
{[%clk 1:31:14]} 3. d4 {[%clk 1:31:46]} cxd4 {[%clk 1:31:29]} 4. Nxd4
{[%clk 1:32:07]} Nf6 {[%clk 1:31:44]} 5. Nc3 {[%clk 1:32:26]} a6 {[%clk 1:31:42]}
6. Be3 {[%clk 1:32:46]} e5 {[%clk 1:31:54]} 7. Nb3 {[%clk 1:33:07]} Be7
{[%clk 1:31:44]} 8. f3 {[%clk 1:33:24]} Be6 {[%clk 1:31:15]} 9. Qd2
{[%clk 1:33:43]} h5 {[%clk 1:29:52]} 10. Nd5 {[%clk 1:33:21]} Nxd5
{[%clk 1:24:21]} 11. exd5 {[%clk 1:33:22]} Bf5 {[%clk 1:24:46]} 12. Be2
{[%clk 1:33:37]} Nd7 {[%clk 1:24:30]} 13. O-O {[%clk 1:33:50]} h4
{[%clk 1:14:04]} 14. Na5 {[%clk 1:32:57]} Qc7 {[%clk 1:12:48]} 15. c4
{[%clk 1:32:39]} O-O 16. b4 {[%clk 1:31:52]} Bh7 {[%clk 0:50:47]} 17. Rac1
{[%clk 1:28:14]} Rac8 {[%clk 0:49:21]} 18. Rfd1 {[%clk 1:28:18]} Bd8
{[%clk 0:48:42]} 19. Nb3 {[%clk 1:23:34]} b6 {[%clk 0:48:31]} 20. c5
{[%clk 1:19:45]} bxc5 {[%clk 0:48:05]} 21. bxc5 {[%clk 1:20:00]} Nxc5
{[%clk 0:46:10]} 22. Nxc5 {[%clk 1:20:14]} dxc5 {[%clk 0:46:35]} 23. Bxc5
{[%clk 1:20:32]} Qb7 {[%clk 0:42:05]} 24. Bxf8 {[%clk 1:19:22]} Bb6+
{[%clk 0:41:58]} 25. Kh1 {[%clk 1:19:09]} Rxf8 {[%clk 0:42:19]} 26. Bd3
{[%clk 1:19:02]} Bxd3 {[%clk 0:42:25]} 27. Qxd3 {[%clk 1:19:13]} Bd4
{[%clk 0:42:38]} 28. Rc6 {[%clk 1:15:07]} h3 {[%clk 0:41:20]} 29. Qxa6
{[%clk 1:11:03]} hxg2+ {[%clk 0:41:32]} 30. Kxg2 {[%clk 1:10:41]} Qb2+
{[%clk 0:42:00]} 31. Kh1 {[%clk 1:07:46]} e4 {[%clk 0:41:07]} 32. Rc8
{[%clk 1:04:41]} exf3 {[%clk 0:33:10]} 33. Rxf8+ {[%clk 1:04:27]} Kxf8
{[%clk 0:33:36]} 34. Qc8+ {[%clk 1:04:23]} Ke7 {[%clk 0:34:00]} 35. Qc7+
{[%clk 1:02:36]} Kf6 {[%clk 0:34:21]} 36. Qf4+ {[%clk 1:02:16]} Kg6
{[%clk 0:34:37]} 37. Qxf3 {[%clk 1:02:24]} Be5 {[%clk 0:34:16]} 38. Qg2+
{[%clk 1:01:12]} 1-0

[Event "PMPJ 2022 - C15"]
[Site "Jastrzebia Gora"]
[Date "2022.11.12"]
[Round "7.25"]
[White "Zydok, Ignacy"]
[Black "Spytek, Hubert"]
[Result "0-1"]
[BlackElo "1416"]
[WhiteElo "1200"]
[LiveChessVersion "1.4.4"]

1. c4 {[%clk 1:30:59]} Nf6 {[%clk 1:30:54]} 2. Nc3 {[%clk 1:31:25]} d5
{[%clk 1:31:19]} 3. cxd5 {[%clk 1:31:53]} Nxd5 {[%clk 1:31:44]} 4. Nf3
{[%clk 1:32:19]} g6 {[%clk 1:31:59]} 5. h4 {[%clk 1:31:56]} h5 {[%clk 1:30:44]}
6. Qb3 {[%clk 1:32:21]} Nxc3 {[%clk 1:28:31]} 7. Qxc3 {[%clk 1:32:49]} Rg8
{[%clk 1:28:48]} 8. g3 {[%clk 1:29:37]} Be6 {[%clk 1:21:43]} 9. Bg2
{[%clk 1:19:13]} Bg7 {[%clk 1:14:51]} 10. Qc2 {[%clk 1:18:50]} Na6
{[%clk 1:12:44]} 11. d3 {[%clk 1:17:13]} c6 {[%clk 1:10:14]} 12. Ng5
{[%clk 1:09:06]} Qd7 {[%clk 0:56:28]} 13. Nxe6 {[%clk 1:07:18]} Qxe6
{[%clk 0:55:59]} 14. Bd2 {[%clk 1:07:15]} Qd7 {[%clk 0:54:35]} 15. Bc3
{[%clk 1:06:04]} Bxc3+ {[%clk 0:54:03]} 16. bxc3 {[%clk 1:06:24]} Rb8
{[%clk 0:52:48]} 17. O-O {[%clk 1:04:44]} e6 {[%clk 0:51:15]} 18. d4
{[%clk 1:02:22]} Ke7 {[%clk 0:47:44]} 19. Rad1 {[%clk 0:57:09]} Rgc8
{[%clk 0:46:42]} 20. Qd2 {[%clk 0:55:45]} Nc7 {[%clk 0:44:26]} 21. e4
{[%clk 0:51:14]} Rd8 {[%clk 0:42:13]} 22. Qh6 {[%clk 0:46:41]} Qe8
{[%clk 0:38:57]} 23. d5 {[%clk 0:34:35]} Qh8 {[%clk 0:34:16]} 24. Qxh8
{[%clk 0:34:57]} Rxh8 {[%clk 0:34:34]} 25. d6+ {[%clk 0:35:25]} Kd7
{[%clk 0:34:33]} 26. dxc7+ {[%clk 0:35:50]} Kxc7 {[%clk 0:35:02]} 27. Rd2
{[%clk 0:35:14]} Kb6 {[%clk 0:35:16]} 28. Rfd1 {[%clk 0:35:31]} Kc5
{[%clk 0:33:41]} 29. Bf1 {[%clk 0:34:55]} Rhf8 {[%clk 0:33:12]} 30. a4
{[%clk 0:33:46]} a5 {[%clk 0:28:13]} 31. Rd7 {[%clk 0:33:29]} b5 {[%clk 0:28:11]}
32. axb5 {[%clk 0:29:29]} cxb5 {[%clk 0:28:12]} 33. Ra7 {[%clk 0:29:48]} Ra8
{[%clk 0:28:14]} 34. Rdd7 {[%clk 0:30:03]} Rxa7 {[%clk 0:26:58]} 35. Rxa7
{[%clk 0:30:27]} a4 {[%clk 0:27:21]} 36. Rd7 {[%clk 0:29:52]} Ra8
{[%clk 0:27:42]} 37. Rd1 {[%clk 0:30:06]} a3 {[%clk 0:28:05]} 38. Ra1
{[%clk 0:30:30]} b4 {[%clk 0:28:24]} 39. Be2 {[%clk 0:27:08]} b3 {[%clk 0:28:32]}
40. Bd3 {[%clk 0:24:31]} a2 {[%clk 0:28:18]} 41. Kf1 {[%clk 0:22:52]} b2
{[%clk 0:28:10]} 0-1

[Event "PMPJ 2022 - C15"]
[Site "Jastrzebia Gora"]
[Date "2022.11.12"]
[Round "7.26"]
[White "Obidzinski, Cezary"]
[Black "Palasz, Jakub"]
[Result "0-1"]
[BlackElo "1170"]
[WhiteElo "1261"]
[LiveChessVersion "1.4.4"]

1. d4 {[%clk 1:30:58]} d5 {[%clk 1:30:57]} 2. c4 {[%clk 1:31:26]} e6
{[%clk 1:31:23]} 3. Nf3 {[%clk 1:31:48]} Nf6 {[%clk 1:31:45]} 4. Bg5
{[%clk 1:32:15]} Be7 {[%clk 1:32:09]} 5. Nc3 {[%clk 1:32:42]} O-O
{[%clk 1:32:27]} 6. e3 {[%clk 1:33:07]} Nbd7 {[%clk 1:32:46]} 7. Bd3
{[%clk 1:32:34]} dxc4 {[%clk 1:32:42]} 8. Bxc4 {[%clk 1:32:59]} a6
{[%clk 1:33:07]} 9. O-O {[%clk 1:33:21]} b5 {[%clk 1:33:30]} 10. Bb3
{[%clk 1:33:48]} Bb7 {[%clk 1:33:32]} 11. Rc1 {[%clk 1:31:21]} Rc8
{[%clk 1:32:56]} 12. a3 {[%clk 1:30:18]} c5 {[%clk 1:32:07]} 13. dxc5
{[%clk 1:23:40]} Nxc5 {[%clk 1:28:11]} 14. Bc2 {[%clk 1:22:33]} Qb6
{[%clk 1:28:08]} 15. b4 {[%clk 1:10:28]} Ncd7 {[%clk 1:26:01]} 16. Bb1
{[%clk 1:08:46]} Rc4 {[%clk 1:21:35]} 17. Ba2 {[%clk 1:03:16]} Rg4
{[%clk 1:11:11]} 18. Bxf6 {[%clk 0:51:07]} Nxf6 {[%clk 1:11:10]} 19. h3
{[%clk 0:50:54]} Rg6 {[%clk 1:11:27]} 20. Bb1 {[%clk 0:50:25]} Rh6
{[%clk 1:08:44]} 21. Qe2 {[%clk 0:47:16]} Rh5 {[%clk 0:59:55]} 22. Rfd1
{[%clk 0:43:19]} a5 {[%clk 0:56:01]} 23. Nd4 {[%clk 0:22:20]} axb4
{[%clk 0:54:30]} 24. axb4 {[%clk 0:22:23]} Bxb4 {[%clk 0:53:35]} 25. Ncxb5
{[%clk 0:20:54]} Rg5 {[%clk 0:50:52]} 26. e4 {[%clk 0:18:51]} Ba6
{[%clk 0:48:40]} 27. Bd3 {[%clk 0:18:36]} Bc5 {[%clk 0:48:19]} 28. Rb1
{[%clk 0:16:22]} Bxd4 {[%clk 0:48:06]} 29. Nxd4 {[%clk 0:16:25]} Qxd4
{[%clk 0:47:38]} 30. Bxa6 {[%clk 0:14:55]} Qxe4 {[%clk 0:47:55]} 31. Qxe4
{[%clk 0:15:16]} Nxe4 {[%clk 0:48:17]} 32. Bd3 {[%clk 0:15:04]} Nc3
{[%clk 0:48:19]} 33. Rdc1 {[%clk 0:14:39]} Nxb1 {[%clk 0:48:38]} 34. Rxb1
{[%clk 0:15:08]} Rd8 {[%clk 0:48:36]} 35. Kh2 {[%clk 0:15:23]} g6
{[%clk 0:48:57]} 36. Be4 {[%clk 0:15:46]} Rd2 {[%clk 0:48:44]} 37. f4
{[%clk 0:16:07]} Rc5 {[%clk 0:48:36]} 38. Bf3 {[%clk 0:16:12]} Rc7
{[%clk 0:47:40]} 39. Kg3 {[%clk 0:16:30]} f6 {[%clk 0:47:56]} 40. Rb5
{[%clk 0:16:54]} Re7 {[%clk 0:48:10]} 41. Rb6 {[%clk 0:17:08]} Kg7
{[%clk 0:47:12]} 42. Be4 {[%clk 0:17:15]} e5 {[%clk 0:47:16]} 43. f5
{[%clk 0:17:42]} gxf5 {[%clk 0:47:23]} 44. Bxf5 {[%clk 0:18:09]} e4
{[%clk 0:47:41]} 45. h4 {[%clk 0:18:32]} e3 {[%clk 0:47:58]} 46. h5
{[%clk 0:18:51]} h6 {[%clk 0:48:07]} 47. Rb4 {[%clk 0:19:03]} e2 48. Rg4+
{[%clk 0:19:31]} Kf8 {[%clk 0:48:25]} 49. Re4 {[%clk 0:19:15]} Rxe4
{[%clk 0:48:41]} 50. Bxe4 {[%clk 0:19:40]} e1=Q+ {[%clk 0:49:03]} 51. Kf3
{[%clk 0:20:08]} Rf2+ {[%clk 0:49:12]} 52. Kg3 {[%clk 0:20:31]} Re2+
{[%clk 0:49:30]} 53. Kf3 {[%clk 0:20:52]} Rxe4 {[%clk 0:49:53]} 54. g4
{[%clk 0:21:20]} Qe3+ {[%clk 0:50:08]} 55. Kg2 {[%clk 0:21:46]} Rd4
{[%clk 0:50:29]} 56. g5 {[%clk 0:22:09]} Rd2+ {[%clk 0:50:45]} 57. Kf1
{[%clk 0:22:36]} Qa3 {[%clk 0:51:04]} 58. Ke1 {[%clk 0:22:56]} Rh2
{[%clk 0:51:28]} 59. gxf6 {[%clk 0:23:17]} Qa1# {[%clk 0:51:23]} 0-1

[Event "PMPJ 2022 - C15"]
[Site "Jastrzebia Gora"]
[Date "2022.11.12"]
[Round "7.27"]
[White "Klyus, Ivan"]
[Black "Brudzynski, Wojciech"]
[Result "0-1"]
[BlackElo "1246"]
[WhiteElo "1196"]
[LiveChessVersion "1.4.4"]

1. e4 c5 2. Nf3 d6 3. d4 cxd4 4. Nxd4 a6 5. Nc3 Nf6 6. Be3 e5 7. Nb3 Be7 8. f3 b5
9. Qd2 Bb7 10. O-O-O Nbd7 11. g4 Nc5 12. Nxc5 dxc5 13. g5 Qxd2+ 14. Rxd2 Nd7 15.
Nd5 Bxd5 16. Rxd5 f6 17. gxf6 gxf6 18. Rg1 Nb6 19. Rd2 Kf7 20. b4 Na4 21. bxc5
Bxc5 22. Bxc5 Nxc5 23. Rd5 Rac8 24. Bh3 Rc7 25. Rgd1 b4 26. Bf1 b3 27. Bc4 b2+
28. Kb1 Ke7 29. Bb3 Rb8 30. R5d2 a5 31. a4 Nxb3 32. cxb3 Rxb3 33. Rxb2 Rxf3 34.
Rg1 Rfc3 35. Rb5 R3c5 36. Rg7+ Ke6 37. Rb6+ R5c6 38. Rxc6+ Rxc6 39. Rxh7 Rc4 40.
Rh4 Rxa4 41. Kb2 Rd4 42. Kb3 Kf7 43. Rg4 f5 44. Rg5 Rxe4 45. Rxf5+ Kg6 46. Rf2
Kg5 47. Rf8 Kg4 48. Ra8 a4+ 49. Ka3 Kf3 50. Ra5 Re1 51. h4 e4 52. h5 e3 53. Rf5+
Kg4 54. Ra5 e2 55. Ra8 0-1

[Event "PMPJ 2022 - C15"]
[Site "Jastrzebia Gora"]
[Date "2022.11.12"]
[Round "7.29"]
[White "Magrel, Wiktor"]
[Black "Zmuda, Tomasz"]
[Result "0-1"]
[BlackElo "1373"]
[WhiteElo "1170"]
[LiveChessVersion "1.4.4"]

1. e4 c5 2. Nf3 a6 3. c4 Nc6 4. Nc3 d6 5. d4 cxd4 6. Nxd4 e5 7. Nf3 Nf6 8. Be3
Be6 9. h3 Be7 10. Qd2 O-O 11. O-O-O Rc8 12. Ng5 Qd7 13. Be2 h6 14. Nxe6 Qxe6 15.
g4 b5 16. g5 hxg5 17. Bxg5 b4 18. Nd5 Nxe4 19. Nxe7+ Nxe7 20. Qe3 Rxc4+ 21. Bxc4
Qxc4+ 22. Kb1 Nd5 23. Rxd5 Qxd5 24. Rg1 Nxg5 25. Qxg5 Qe4+ 26. Ka1 Qg6 27. Qc1
Qh5 28. Qb1 a5 29. Qe4 Rc8 30. Qb7 Qf5 31. Qa6 e4 32. Rd1 Kh7 33. Qxd6 Qc5 34.
Qd2 Qc2 35. Qe1 a4 36. Rb1 a3 37. Qxb4 axb2+ 38. Rxb2 Qc1+ 39. Rb1 Qc3+ 40. Qxc3
Rxc3 41. Rb3 Rc1+ 42. Kb2 Rf1 43. Kc3 Rxf2 44. Rb2 e3 45. Rb1 Rxa2 46. Re1 f5 47.
Kd4 f4 48. Ke4 Ra4+ 49. Kf3 Kg6 50. Rg1+ Kf6 51. h4 g6 52. Rg5 Rb4 53. Ra5 Rb1
54. Ra4 Rf1+ 55. Ke2 Rf2+ 56. Ke1 Kf5 57. Ra5+ Kg4 58. Rg5+ Kf3 59. Rxg6 Rh2 60.
Rg1 Ra2 0-1

[Event "PMPJ 2022 - C15"]
[Site "Jastrzebia Gora"]
[Date "2022.11.12"]
[Round "7.30"]
[White "Skrzypczak, Jan"]
[Black "Bialy, Borys"]
[Result "1-0"]
[BlackElo "1526"]
[WhiteElo "1536"]
[LiveChessVersion "1.4.4"]

1. e4 c5 2. Nf3 e6 3. d4 cxd4 4. Nxd4 Nc6 5. Nc3 a6 6. g3 Nf6 7. Bg2 Qc7 8. a3
Nxd4 9. Qxd4 Bc5 10. Qd3 Ng4 11. O-O h5 12. h4 b5 13. Bf4 Qb6 14. Qe2 Bb7 15. Bf3
Nxf2 16. Rxf2 Bxf2+ 17. Qxf2 Qxf2+ 18. Kxf2 O-O-O 19. Bd6 f6 20. a4 b4 21. Bxb4
d5 22. exd5 exd5 23. Rd1 d4 24. Ne4 Rhe8 25. Nd6+ Rxd6 26. Bxb7+ 1-0

[Event "PMPJ 2022 - C15"]
[Site "Jastrzebia Gora"]
[Date "2022.11.12"]
[Round "7.31"]
[White "Szewczak, Filip"]
[Black "Pachura, Mateusz"]
[Result "1-0"]
[BlackElo "1269"]
[WhiteElo "1118"]
[LiveChessVersion "1.4.4"]

1. d4 Nf6 2. c4 e6 3. Nc3 c5 4. d5 exd5 5. cxd5 d6 6. e4 g6 7. h3 Bg7 8. Nf3 a6
9. a4 O-O 10. Bd3 Re8 11. O-O Nbd7 12. Bf4 Qc7 13. Qd2 c4 14. Bc2 Nh5 15. Bh2 Ne5
16. Ne1 Nd7 17. g4 Nhf6 18. Ng2 Nc5 19. Rae1 Nfd7 20. f4 Qb6 21. Kh1 Qxb2 22. Nd1
Qa3 23. Re3 Qa1 24. Ree1 Nb3 25. Qf2 Qd4 26. Nde3 Rf8 27. Rd1 Qc3 28. Qh4 b5 29.
f5 gxf5 30. Bxd6 Re8 31. gxf5 1-0

[Event "PMPJ 2022 - C15"]
[Site "Jastrzebia Gora"]
[Date "2022.11.12"]
[Round "8.1"]
[White "Wydmanski, Szymon"]
[Black "Duda, Szymon"]
[Result "0-1"]
[BlackElo "1697"]
[WhiteElo "1809"]
[LiveChessVersion "1.4.4"]

1. c4 {[%clk 1:28:47]} e6 {[%clk 1:28:23]} 2. g3 {[%clk 1:20:48]} Nf6
{[%clk 1:27:55]} 3. Bg2 {[%clk 1:21:09]} d5 {[%clk 1:27:33]} 4. d4
{[%clk 1:19:16]} Be7 {[%clk 1:24:58]} 5. Nf3 {[%clk 1:19:20]} O-O
{[%clk 1:24:50]} 6. O-O {[%clk 1:19:39]} Nbd7 {[%clk 1:23:49]} 7. cxd5
{[%clk 1:16:44]} exd5 {[%clk 1:21:57]} 8. Nc3 {[%clk 1:15:55]} c6
{[%clk 1:21:54]} 9. a3 {[%clk 1:10:41]} Re8 {[%clk 1:20:05]} 10. b4
{[%clk 1:10:07]} b5 {[%clk 1:16:51]} 11. Qb3 {[%clk 1:04:44]} Nb6
{[%clk 1:13:02]} 12. a4 {[%clk 0:58:17]} a6 {[%clk 1:05:31]} 13. axb5
{[%clk 0:58:26]} cxb5 {[%clk 1:00:22]} 14. e4 {[%clk 0:52:59]} Nxe4
{[%clk 0:53:34]} 15. Nxe4 {[%clk 0:44:06]} dxe4 {[%clk 0:50:49]} 16. Ne5
{[%clk 0:42:44]} Be6 {[%clk 0:50:05]} 17. Qb1 {[%clk 0:40:33]} Bd5
{[%clk 0:41:52]} 18. Bxe4 {[%clk 0:35:03]} Bxe4 {[%clk 0:37:42]} 19. Qxe4
{[%clk 0:35:09]} Qd5 {[%clk 0:31:57]} 20. Qb1 {[%clk 0:30:11]} Qxd4
{[%clk 0:27:03]} 21. Nc6 {[%clk 0:28:46]} Qd6 {[%clk 0:25:27]} 22. Nxe7+
{[%clk 0:29:09]} Qxe7 {[%clk 0:25:18]} 23. Be3 {[%clk 0:28:13]} Nc4
{[%clk 0:21:28]} 24. Bc5 {[%clk 0:28:14]} Qb7 {[%clk 0:21:30]} 25. Ra2
{[%clk 0:20:50]} Ne5 {[%clk 0:19:13]} 26. f4 {[%clk 0:21:15]} Nf3+
{[%clk 0:18:31]} 27. Kf2 {[%clk 0:21:42]} Nxh2 {[%clk 0:17:48]} 28. Rh1
{[%clk 0:20:49]} Qf3+ {[%clk 0:17:42]} 29. Kg1 {[%clk 0:21:16]} Qxg3+
{[%clk 0:17:58]} 0-1

[Event "PMPJ 2022 - C15"]
[Site "Jastrzebia Gora"]
[Date "2022.11.12"]
[Round "8.2"]
[White "Sliz, Karol"]
[Black "Gbiorczyk, Mikolaj"]
[Result "1/2-1/2"]
[BlackElo "1824"]
[WhiteElo "1678"]
[LiveChessVersion "1.4.4"]

1. e4 {[%clk 1:30:59]} e5 {[%clk 1:30:54]} 2. Nf3 {[%clk 1:31:23]} Nc6
{[%clk 1:31:18]} 3. Nc3 {[%clk 1:31:48]} Nf6 {[%clk 1:31:30]} 4. d4
{[%clk 1:31:45]} exd4 {[%clk 1:31:41]} 5. Nxd4 {[%clk 1:32:07]} Bb4
{[%clk 1:29:09]} 6. Nxc6 {[%clk 1:32:10]} bxc6 {[%clk 1:29:35]} 7. Bd3
{[%clk 1:32:31]} d5 {[%clk 1:28:35]} 8. exd5 {[%clk 1:32:54]} cxd5
{[%clk 1:28:01]} 9. O-O {[%clk 1:33:02]} O-O {[%clk 1:26:42]} 10. Bg5
{[%clk 1:32:55]} c6 {[%clk 1:18:12]} 11. Qf3 {[%clk 1:32:25]} Be7
{[%clk 1:07:04]} 12. Rae1 {[%clk 1:18:47]} h6 {[%clk 0:57:28]} 13. Bh4
{[%clk 0:53:37]} Be6 {[%clk 0:47:30]} 14. Bf5 {[%clk 0:42:11]} Qd7
{[%clk 0:39:57]} 15. Bxe6 {[%clk 0:40:32]} fxe6 {[%clk 0:40:18]} 16. Qh3
{[%clk 0:35:30]} Kf7 {[%clk 0:39:20]} 17. Re2 {[%clk 0:29:18]} Rae8
{[%clk 0:36:29]} 18. Rfe1 {[%clk 0:27:59]} Bd6 {[%clk 0:29:33]} 19. Bxf6
{[%clk 0:26:42]} gxf6 {[%clk 0:28:21]} 20. Qh5+ {[%clk 0:26:30]} Kg7
{[%clk 0:28:40]} 21. Qg4+ {[%clk 0:26:23]} Kf7 {[%clk 0:29:00]} 22. Qh5+
{[%clk 0:26:02]} Kg7 {[%clk 0:29:25]} 23. Qg4+ {[%clk 0:24:48]} Kf7
{[%clk 0:25:40]} 24. Qh5+ {[%clk 0:20:29]} Kg7 {[%clk 0:26:05]} 25. Qg4+
{[%clk 0:19:17]} 1/2-1/2

[Event "PMPJ 2022 - C15"]
[Site "Jastrzebia Gora"]
[Date "2022.11.12"]
[Round "8.3"]
[White "Trzebinski, Patryk"]
[Black "Jaworski, Tymon"]
[Result "1/2-1/2"]
[BlackElo "1791"]
[WhiteElo "1800"]
[LiveChessVersion "1.4.4"]

1. e4 {[%clk 1:29:28]} e5 {[%clk 1:30:52]} 2. Nf3 {[%clk 1:29:50]} Nc6
{[%clk 1:31:15]} 3. Bc4 {[%clk 1:30:14]} Nf6 {[%clk 1:31:37]} 4. d3
{[%clk 1:30:29]} Bc5 {[%clk 1:30:44]} 5. Nc3 {[%clk 1:30:48]} d6 {[%clk 1:28:04]}
6. Bg5 {[%clk 1:31:07]} h6 {[%clk 1:28:15]} 7. Bxf6 {[%clk 1:31:31]} Qxf6
{[%clk 1:28:39]} 8. Nd5 {[%clk 1:31:54]} Qd8 {[%clk 1:28:59]} 9. c3
{[%clk 1:32:07]} Bg4 {[%clk 1:23:51]} 10. O-O {[%clk 1:20:27]} O-O
{[%clk 1:23:13]} 11. Ne3 {[%clk 1:19:18]} Bh5 {[%clk 1:20:33]} 12. h3
{[%clk 1:02:37]} Bb6 {[%clk 0:47:33]} 13. Nd5 {[%clk 0:41:40]} Na5
{[%clk 0:40:41]} 14. Nxb6 {[%clk 0:38:52]} axb6 {[%clk 0:38:55]} 15. Bb5
{[%clk 0:37:14]} c6 {[%clk 0:32:04]} 16. Ba4 {[%clk 0:36:38]} b5 {[%clk 0:30:48]}
17. Bc2 {[%clk 0:36:34]} c5 {[%clk 0:30:54]} 18. g4 {[%clk 0:15:41]} Bg6
{[%clk 0:31:09]} 19. Bb3 {[%clk 0:15:28]} Kh8 {[%clk 0:24:44]} 20. Bd5
{[%clk 0:15:20]} Qe7 {[%clk 0:23:13]} 21. a4 {[%clk 0:11:08]} Qd7 22. b4
{[%clk 0:08:31]} cxb4 {[%clk 0:17:15]} 23. cxb4 {[%clk 0:09:00]} Nc6
{[%clk 0:17:26]} 24. axb5 {[%clk 0:08:51]} Rxa1 {[%clk 0:10:36]} 25. Qxa1
{[%clk 0:08:53]} Ne7 {[%clk 0:08:34]} 26. Bc4 {[%clk 0:08:54]} h5
{[%clk 0:08:29]} 27. Nh2 {[%clk 0:09:22]} f6 {[%clk 0:08:21]} 28. Qd1
{[%clk 0:07:40]} hxg4 {[%clk 0:07:58]} 29. hxg4 {[%clk 0:06:33]} d5
{[%clk 0:08:14]} 30. exd5 {[%clk 0:05:37]} Nxd5 {[%clk 0:08:36]} 31. Qf3
{[%clk 0:04:10]} Nf4 {[%clk 0:08:36]} 32. Rd1 {[%clk 0:04:26]} Qd4
{[%clk 0:07:53]} 33. Nf1 {[%clk 0:04:11]} Bf7 {[%clk 0:05:03]} 34. Ne3
{[%clk 0:04:01]} g6 {[%clk 0:04:28]} 35. Qxb7 {[%clk 0:02:30]} Kg7
{[%clk 0:03:48]} 36. Qe4 {[%clk 0:02:24]} Nh3+ {[%clk 0:02:17]} 37. Kg2
{[%clk 0:02:13]} Qb2 {[%clk 0:01:58]} 38. Rf1 {[%clk 0:01:17]} Nf4+
{[%clk 0:02:10]} 39. Kg1 {[%clk 0:01:36]} Ne2+ {[%clk 0:02:24]} 40. Kg2
{[%clk 0:02:02]} Nf4+ {[%clk 0:02:18]} 1/2-1/2

[Event "PMPJ 2022 - C15"]
[Site "Jastrzebia Gora"]
[Date "2022.11.12"]
[Round "8.4"]
[White "Wandor, Adam"]
[Black "Latacz, Grzegorz"]
[Result "1/2-1/2"]
[BlackElo "1645"]
[WhiteElo "1585"]
[LiveChessVersion "1.4.4"]

1. e4 {[%clk 1:30:56]} e6 {[%clk 1:30:45]} 2. d4 {[%clk 1:31:20]} d5
{[%clk 1:31:12]} 3. Nd2 {[%clk 1:31:44]} Be7 {[%clk 1:31:39]} 4. c3
{[%clk 1:28:09]} c5 {[%clk 1:31:31]} 5. dxc5 {[%clk 1:21:53]} Bxc5
{[%clk 1:30:21]} 6. Nb3 {[%clk 1:16:52]} Bb6 {[%clk 1:30:22]} 7. exd5
{[%clk 1:12:20]} exd5 {[%clk 1:29:28]} 8. Nf3 {[%clk 1:04:05]} Nf6
{[%clk 1:27:25]} 9. Bb5+ {[%clk 1:02:17]} Bd7 {[%clk 1:20:06]} 10. Qe2+
{[%clk 0:54:49]} Ne4 {[%clk 1:16:59]} 11. O-O {[%clk 0:50:48]} O-O
{[%clk 1:16:27]} 12. Bxd7 {[%clk 0:48:55]} Nxd7 {[%clk 1:16:13]} 13. Be3
{[%clk 0:43:14]} Re8 {[%clk 1:13:26]} 14. Bxb6 {[%clk 0:41:30]} Qxb6
{[%clk 1:13:15]} 15. Qd3 {[%clk 0:40:30]} Ndf6 {[%clk 1:09:22]} 16. Qd4
{[%clk 0:39:13]} Re6 {[%clk 1:03:42]} 17. Qxb6 {[%clk 0:34:13]} Rxb6
{[%clk 1:04:03]} 18. Rab1 {[%clk 0:32:08]} a5 {[%clk 1:03:32]} 19. Nbd4
{[%clk 0:26:50]} a4 {[%clk 0:58:32]} 20. Nc2 {[%clk 0:26:17]} g6 {[%clk 0:44:27]}
21. h3 {[%clk 0:23:42]} Rd8 {[%clk 0:35:38]} 22. Rfd1 {[%clk 0:21:55]} Nc5
{[%clk 0:32:44]} 23. a3 {[%clk 0:16:13]} Ne6 {[%clk 0:30:08]} 24. g3
{[%clk 0:10:27]} Kg7 {[%clk 0:28:35]} 25. Nb4 {[%clk 0:09:15]} Rbd6
{[%clk 0:28:02]} 26. Nd4 {[%clk 0:07:49]} Ne4 {[%clk 0:23:30]} 27. Kg2
{[%clk 0:05:08]} h6 {[%clk 0:21:49]} 28. f3 {[%clk 0:04:07]} Nf6 {[%clk 0:21:46]}
29. Kf2 {[%clk 0:03:46]} Nc5 {[%clk 0:18:42]} 30. Rd2 {[%clk 0:02:05]} Ne6
{[%clk 0:17:39]} 31. Rbd1 {[%clk 0:01:31]} R6d7 {[%clk 0:16:27]} 32. Ndc2
{[%clk 0:00:50]} Kf8 {[%clk 0:14:13]} 1/2-1/2

[Event "PMPJ 2022 - C15"]
[Site "Jastrzebia Gora"]
[Date "2022.11.12"]
[Round "8.5"]
[White "Rylski, Tadeusz"]
[Black "Wierzbicki, Dawid"]
[Result "1/2-1/2"]
[BlackElo "1732"]
[WhiteElo "1741"]
[LiveChessVersion "1.4.4"]

1. d4 {[%clk 1:30:58]} b6 {[%clk 1:30:50]} 2. e4 {[%clk 1:31:07]} Bb7
{[%clk 1:30:36]} 3. Bd3 {[%clk 1:31:30]} d6 {[%clk 1:30:32]} 4. Nf3
{[%clk 1:26:45]} Nd7 {[%clk 1:29:46]} 5. Bf4 {[%clk 1:14:14]} Ngf6
{[%clk 1:14:20]} 6. Qe2 {[%clk 1:05:03]} e6 {[%clk 1:12:26]} 7. O-O
{[%clk 1:02:53]} Be7 {[%clk 1:11:42]} 8. Nbd2 {[%clk 0:55:13]} Nf8
{[%clk 1:06:33]} 9. Rac1 {[%clk 0:45:01]} Ng6 {[%clk 1:04:23]} 10. Bg5
{[%clk 0:42:27]} Nh5 {[%clk 0:51:58]} 11. Bxe7 {[%clk 0:40:07]} Qxe7
{[%clk 0:51:16]} 12. g3 {[%clk 0:39:56]} Nf6 {[%clk 0:50:15]} 13. Bb5+
{[%clk 0:34:05]} Nd7 {[%clk 0:47:38]} 14. Ba6 {[%clk 0:32:55]} Bxa6
{[%clk 0:46:14]} 15. Qxa6 {[%clk 0:33:23]} O-O {[%clk 0:46:07]} 16. Rce1
{[%clk 0:26:41]} c5 {[%clk 0:42:30]} 17. c3 {[%clk 0:24:39]} Rfc8
{[%clk 0:41:41]} 18. Qd3 {[%clk 0:23:50]} Nf6 {[%clk 0:39:15]} 19. e5
{[%clk 0:17:23]} Nd5 {[%clk 0:37:59]} 20. Ne4 {[%clk 0:13:01]} dxe5
{[%clk 0:37:14]} 21. dxe5 {[%clk 0:10:43]} Rd8 {[%clk 0:36:41]} 22. Qe2 Qc7
{[%clk 0:35:54]} 23. c4 {[%clk 0:07:29]} Nb4 {[%clk 0:34:34]} 24. Nc3
{[%clk 0:05:21]} a6 {[%clk 0:31:53]} 25. Rd1 {[%clk 0:04:43]} Rxd1
{[%clk 0:30:11]} 26. Rxd1 {[%clk 0:04:58]} Nc6 {[%clk 0:29:27]} 27. Qe4
{[%clk 0:04:44]} Rc8 {[%clk 0:28:09]} 28. Na4 {[%clk 0:03:25]} h6
{[%clk 0:25:56]} 29. b3 {[%clk 0:02:16]} Nge7 {[%clk 0:22:19]} 30. Nh4
{[%clk 0:01:51]} Nd4 {[%clk 0:20:39]} 1/2-1/2